00533nam a2200157Ia 4500008004100000041001200041082002100053100001400074245002300088260003700111300001200148650000900160942000700169999001900176952018000195231217s9999 xx 000 0 und d aEnglish a001.6424UNI BRO aBrown P J 0aStarting with Unix c1984bNew York : Addison-Wesley, axiv+221 aUnix cAA c162462d162462 r2024-01-26 00:00:00l0o001.6424UNI BROp5103v411.81w2024-01-26yAA1040708CL00aMLbMLd1992-12-22eEducational Suppliesg12.95ECSK19577L21/01/1995GUSDF31.8V0W0